Visualizzazione normale
Vista MARC
- Rossi F.
di Personal Name
Records bibliografici associati: 1
001 - CONTROL NUMBER
- control field: 28023
003 - CONTROL NUMBER IDENTIFIER
- control field: IT-RoPau
005 - DATE AND TIME OF LATEST TRANSACTION
- control field: 20140529214736.0
008 - FIXED-LENGTH DATA ELEMENTS
- fixed length control field: 140529|| aca||aabn | a|a d
040 ## - CATALOGING SOURCE
- Original cataloging agency: IT-RoPau
- Transcribing agency: IT-RoPau
100 ## - HEADING--PERSONAL NAME
- Personal name: Rossi F.
- Dates associated with a name: Codice autore SPICS: 35101
- Relator term: Autore
- Name of part/section of a work: Pesci, bimbi e draghi
670 ## - SOURCE DATA FOUND
- Source citation: Work cat.: (IT-RoPau)102428: AA.VV. 794, 34° Zecchino d'oro